[Event "Oberfranken-ch"]
[Site "Schney"]
[Date "2019.01.05"]
[Round "5"]
[White "Guether, Jens"]
[Black "Schwarzmann, Tobias"]
[Result "1-0"]
[WhiteElo "1941"]
[BlackElo "1981"]
[PlyCount "71"]
[EventDate "2019.01.03"]
[EventType "swiss"]
[EventRounds "7"]
[EventCountry "GER"]
[SourceTitle "CBM 188 Extra"]
[Source "ChessBase"]
[SourceDate "2019.02.26"]
[SourceVersion "1"]
[SourceVersionDate "2019.02.26"]
[SourceQuality "1"]

1. e4 e5 2. Nf3 Nc6 3. Bc4 d6 4. h3 h6 5. d3 Nf6 6. Be3 Na5 7. Bb3 Nxb3 8. axb3 a6 9. Nc3 c5 10. 0-0 Bd7 11. Qd2 Be7 12. Ne2 Qc7 13. c4 a5 14. Nh2 b6 15. f4 0-0-0 16. Nf3 Rde8 17. Nc3 Kb7 18. fxe5 dxe5 19. Nd5 Nxd5 20. exd5 f5 21. Qe2 Bf6 22. Nd2 g6 23. Ne4 Be7 24. Nc3 Bd6 25. Bd2 g5 26. Rf2 Reg8 27. Raf1 g4 28. hxg4 Rxg4 29. Rxf5 Bxf5 30. Rxf5 Rg7 31. Nb5 Qd7 32. Qf3 Ka6 33. Rf6 Bb8 34. Bxh6 Rgh7 35. Be3 Rg8 36. Bxc5 1-0

[Event "Oberfranken-ch"]
[Site "Schney"]
[Date "2018.01.03"]
[Round "2"]
[White "Guether, Jens"]
[Black "Daum, Matthias"]
[Result "1/2-1/2"]
[WhiteElo "1954"]
[BlackElo "1907"]
[PlyCount "77"]
[EventDate "2018.01.03"]
[EventType "swiss"]
[EventRounds "7"]
[EventCountry "GER"]
[SourceTitle "CBM 182 Extra"]
[Source "ChessBase"]
[SourceDate "2018.02.23"]
[SourceVersion "1"]
[SourceVersionDate "2018.02.23"]
[SourceQuality "1"]

1. e4 c5 2. Nf3 e6 3. d4 cxd4 4. Nxd4 Nf6 5. Bd3 Nc6 6. Nb3 d5 7. exd5 Nxd5 8. 0-0 Bd6 9. N1d2 Ne5 10. Ne4 0-0 11. Nxd6 Qxd6 12. c4 Nxd3 13. Qxd3 Qa6 14. Qg3 Ne7 15. Qc7 Nf5 16. Rd1 Qc6 17. Qxc6 bxc6 18. Nc5 e5 19. b3 Nd4 20. Be3 Nc2 21. Rac1 Nxe3 22. fxe3 Bg4 23. Rd6 Rac8 24. h3 Bh5 25. Rc2 f5 26. Rcd2 f4 27. exf4 exf4 28. Rd7 Rf6 29. Rxa7 f3 30. g4 Bf7 31. Kf2 h5 32. Nd7 Re6 33. Kxf3 Rce8 34. Nc5 Re3+ 35. Kg2 h4 36. Nd3 Rd8 37. Rf2 Rg3+ 38. Kh2 Rdxd3 39. Raxf7 1/2-1/2

[Event "Oberfranken-ch 1213"]
[Site "Schney"]
[Date "2013.01.06"]
[Round "7"]
[White "Guether, Jens"]
[Black "Stips, Felix"]
[Result "0-1"]
[WhiteElo "1889"]
[BlackElo "2207"]
[PlyCount "70"]
[EventDate "2013.01.03"]
[EventType "swiss"]
[EventRounds "7"]
[EventCountry "GER"]
[SourceTitle "EXT 2015"]
[Source "ChessBase"]
[SourceDate "2014.11.20"]
[SourceVersion "1"]
[SourceVersionDate "2014.11.20"]
[SourceQuality "1"]

1. e4 d5 2. exd5 Qxd5 3. Nc3 Qd6 4. Bc4 Nf6 5. h3 a6 6. a4 Qc6 7. Bf1 Nbd7 8. Qf3 Qd6 9. Be2 e5 10. d3 Be7 11. Qg3 0-0 12. h4 Re8 13. h5 Bf8 14. Rh4 Nc5 15. Be3 Nd5 16. Nxd5 Qxd5 17. b4 Ne6 18. Nf3 f6 19. h6 g6 20. Rg4 Nf4 21. Rxf4 exf4 22. Qxf4 Qd6 23. c3 Qxf4 24. Bxf4 c6 25. Kd2 g5 26. Be3 Bxh6 27. Nd4 f5 28. f3 Kf7 29. Nb3 Kg6 30. a5 Be6 31. Nc5 Re7 32. Rc1 Rc8 33. d4 Bd5 34. Bd3 Rxe3 35. Kxe3 g4+ 0-1